01943nam0a22003131 4500001001100000005001700011021001900028035002600047100004100073101000800114102000700122105001800129200056200147210003900709215002300748320006800771606014500839606009000984606007001074606018401144702003001328702005901358702003001417702003901447712008501486801001801571801002201589852001801611rc\352372420260407150107.0 aRUb[70-19040] a(NLR Aleph) 007662279 a20130115d1970 |||y0rusy50 ca0 arus aRU aa z |||||1 aВ едином строюeВоспоминания участников партизанского движения в Белоруссии. 1941-1944fСост. Ю. Тобиаш, канд. ист. наук Г.Н. Шевела, З.И. Белуга [и др.]gРед. коллегия: П.П. Липило [и др.]gИн-т истории партии при ЦК КПБ - филиал Ин-та марксизма-ленинизма при ЦК КПСС. Ин-т истории АН БССР. Воен.-ист. ин-т Войска Польского aМинскcБеларусьd1970 a531 с.cил.d20 aИменной и геогр. указатели: с. 496-529 aПоляки в Великой Отечественной войне 1941-1945 гг.jВоспоминания и записки2psbo aСоветско-польские отношенияxИсторияz1941-19452psbo aПролетарский интернационализм2psbo aПартизанское движение в Великой Отечественной войне 1941-1945 гг.yБССРjВоспоминания и записки2psbo 1aБелугаbЗ.И.4220 1aЛипилоbП.П.gПавел Павлович4340 1aШевелаbГ.Н.4220 1aТобиашbЮ.gЮлиан422002aИнститут истории партииcМинск3RU\NLR\AUTH\8810024505 0aRUbNLRgpsbo 1aRUbELAR2rusmarc aNLRj70-3/538